• 首页
  • 本馆介绍
  • 公告通知
  • 最新文献
  • 馆藏检索
  • 电子资源
  • 读者导购
  • 参考咨询
  • 我的图书馆
  • 登录
  • 详细信息显示
  • 放入我的书架
  • 预约/预借图书
  • 作者相关作品
  • 分类相关作品
  • 丛书相关作品
  • 出版社相关作品

书目信息

  • 表格格式
  • 工作单格式
  • 卡片格式
题名:
河北地矿风采
    
 
作者: 刘胜民 主编 ;河北省地质学会 编
分册:  
出版信息: 北京   中国大地出版社  2006
页数: 1册
开本: 29cm
丛书名:
单 册:
中图分类: F426.1
科图分类:
主题词: 地质经济--经济发展--概况--河北省 , 矿业经济--经济发展--概况--河北省 , 地质经济 , 经济发展 , 矿业经济
电子资源:
ISBN: 7-80097-817-6
000 01043nam0 2200313 450
001 003154931
005 20070807145718.93
010    @a7-80097-817-6@dCNY158.00
035    @a003154931
100    @a20060104d2006 em y0chiy0110 ea
101 0  @achi
102    @aCN@b110000
105    @aa z 000yy
106    @ar
200 1  @a河北地矿风采@Ahe bei di kuang feng cai@f刘胜民主编@Fliu sheng min zhu bian@g河北省地质学会编@Ghe bei sheng di zhi xue hui bian
210    @a北京@c中国大地出版社@d2006
215    @a1册@c彩图@d29cm
300    @a河北省地质协会主办
330    @a本书内容包括:河北省地质矿产事业综述、河北省地质学会简介、协助单位、地学勘查、矿产开发、监督管理等。
606 0  @a地质经济@x经济发展@x概况@y河北省
606 0  @a矿业经济@x经济发展@x概况@y河北省
606 0  @a地质经济
606 0  @a经济发展
606 0  @a矿业经济
690    @aF426.1@v4
701  0 @a刘胜民@Aliu sheng min@c(地质)@4主编
712 02 @a河北省地质学会@Ahe bei sheng di zhi xue hui@4编
801  0 @aCN@bNLC@c20070807
905    @dF426.1@e102@f1
    
    河北地矿风采/刘胜民主编/河北省地质学会编.-北京:中国大地出版社,2006
    1册:彩图;29cm
    河北省地质协会主办
    
    ISBN 7-80097-817-6:CNY158.00
    本书内容包括:河北省地质矿产事业综述、河北省地质学会简介、协助单位、地学勘查、矿产开发、监督管理等。
●
相关链接 在E读中查询图书 在五车中查询图书 在当当中查询图书 在豆瓣中查询图书


正题名:河北地矿风采     索取号:F426.1/102         预约/预借

序号 登录号 条形码 馆藏地/架位号 状态 备注
1 0853145   208531454   第一样本阅览室/ [索取号:F426.1/102] 在馆    
唐山师范学院图书馆 欢迎您!
大连网信软件有限公司© 版权所有